| 000 | 00740cab a2200205 i 4500 | ||
|---|---|---|---|
| 001 | 768714001 | ||
| 003 | CO-MdFUSB | ||
| 005 | 20250718155930.0 | ||
| 008 | 170518s1998 cr ||||| |||| 00| 0 spa d | ||
| 022 | _a1409-1968 | ||
| 040 |
_aCO-MdFUSB _bspa _cCO-MdFUSB _dCO-MdFUSB |
||
| 041 | _aspa | ||
| 100 | 1 |
_aPanasiuk, Andrés G. _eautor |
|
| 245 | 1 | 0 |
_aLealtades divididas _c/ Andrés G .Panasiuk |
| 300 |
_aVolumen 15. Número 3 (1998), páginas 40-46 _c: 27 cm. |
||
| 520 | _aNosotros somos quienes realmente estamos debajo de la alfombra, cuando sabemos que estamos solos y que nadie nos ve. | ||
| 773 | 0 |
_tApuntes Pastorales _049442 _960169 _gVolumen 15. Número 3 (1998), páginas 40-46 _qPágina 40 |
|
| 942 | _cANA | ||
| 945 | _aJTF-925 | ||
| 999 |
_c58857 _d58857 |
||